Organizácia výskumno-vývojovej základne na Slovensku 1945-1980

Gespeichert in:
Bibliographische Detailangaben
1. Verfasser: Juricová, Magda
Format: Buch
Sprache:Slowakisch
Veröffentlicht: Bratislava Veda 1986
Schriftenreihe:Historické štúdie
Tags: Tag hinzufügen
Keine Tags, Fügen Sie das erste Tag hinzu!

MARC

LEADER 00000nam a2200000 4500
001 c104031
005 20041019155131.0
041 0 |a slo 
044 |a SK 
245 1 0 |a Organizácia výskumno-vývojovej základne na Slovensku  |b 1945-1980  |c Magda Juricová 
264 1 |a Bratislava  |b Veda  |c 1986 
300 |a 109 s. 
490 1 |a Historické štúdie 
830 0 |a Historické štúdie 
100 1 |a Juricová, Magda